[Event "QA-ANNIV-04"]
[Site "http://www.queenalice.com/game.php?id=418386"]
[Date "2008.6.16"]
[Round "1"]
[White "robert_13"]
[Black "Ditto"]
[Result "0-1"]
[WhiteElo "1571"]
[BlackElo "1770"]

1. Nf3 d5 2. d4 Nc6 3. Nc3 Bf5 4. Nh4 Bg6 5. Nxg6 hxg6 6. e4 e6 7. exd5 exd5 8.
Qe2+ Qe7 9. Nxd5 Qxe2+ 10. Bxe2 O-O-O 11. Bf3 Nxd4 0-1

[Event "AUTO-INT-966"]
[Site "http://www.queenalice.com/game.php?id=433554"]
[Date "2008.7.15"]
[Round "1"]
[White "felipecpv94"]
[Black "robert_13"]
[Result "0-1"]
[WhiteElo "1343"]
[BlackElo "1561"]

1. e4 Nf6 2. Nc3 d5 3. e5 Ng4 4. Qe2 Nc6 5. d4 Nxd4 6. Qd3 c5 7. Nb5 Nxe5 8. Qc3
Nxb5 9. Qxe5 Nd4 10. Bd3 f6 11. Qg3 c4 12. c3 Nb5 13. a4 Bd7 14. Nf3 cxd3 15.
Nd4 Nxd4 16. cxd4 Qa5+ 17. Bd2 Qb6 18. Bc3 Qb3 19. Ra3 Qc2 20. O-O d2 21. Raa1
Bxa4 22. b3 Bxb3 0-1

[Event "AUTO-INT-966"]
[Site "http://www.queenalice.com/game.php?id=433555"]
[Date "2008.7.15"]
[Round "1"]
[White "robert_13"]
[Black "felipecpv94"]
[Result "1-0"]
[WhiteElo "1568"]
[BlackElo "1336"]

1. Nf3 d5 2. d4 f5 3. e3 e6 4. c4 dxc4 5. Bxc4 Nf6 6. Nc3 Ne4 7. Nxe4 fxe4 8.
Nd2 Bb4 9. Qg4 Bxd2+ 10. Bxd2 e5 11. Qxg7 Rf8 12. Qxh7 Qe7 13. Qxe4 Qf6 14. O-O
Bf5 15. Qxb7 Qc6 16. Qxc6+ Nxc6 17. Bb5 Rf6 18. d5 Rb8 19. Bxc6+ Bd7 20. Bc3
Bxc6 21. dxc6 Rxc6 22. Bxe5 Rb5 23. Bd4 1-0

[Event "AUTO-INT-966"]
[Site "http://www.queenalice.com/game.php?id=433568"]
[Date "2008.7.15"]
[Round "1"]
[White "malcon_2006"]
[Black "robert_13"]
[Result "1-0"]
[WhiteElo "1545"]
[BlackElo "1568"]

1. e4 e5 2. Qf3 Nf6 3. g3 d5 4. d3 dxe4 5. dxe4 Nc6 6. Bg2 Bg4 7. Qe3 Qd4 8.
Qxd4 Nxd4 9. Kd2 Bf3 10. Bxf3 Nxf3+ 11. Nxf3 Nxe4+ 12. Ke2 Bc5 13. Nxe5 f6 14.
Nc4 Nxf2 15. Re1 O-O 16. a3 Rfe8+ 17. Kf1 Rxe1+ 18. Kxe1 Re8+ 19. Kf1 Ng4 20. b4
Bd4 21. Ra2 Nxh2+ 22. Kg2 Re1 23. Kxh2 Rxc1 24. Ncd2 Be3 25. c4 Bxd2 26. Nxd2
Re1 27. Nf3 Rc1 28. Re2 Rxc4 29. Re8+ Kf7 30. Ra8 a6 31. Rb8 b6 32. Nd2 Rc2 33.
Rd8 c5 34. bxc5 bxc5 35. Rd7+ Ke6 36. Ra7 Rxd2+ 37. Kh3 c4 38. Rxa6+ Kf5 39. g4+
Kg6 40. Rc6 Rd3+ 41. Kh4 c3 42. a4 Kh6 43. g5+ Kg6 44. a5 Rd4+ 45. Kg3 h5 46. a6
Rd3+ 47. Kf2 Rd2+ 48. Ke1 Ra2 49. gxf6 gxf6 50. Kd1 h4 51. Rxc3 Rxa6 52. Ke2 f5
53. Kf3 h3 54. Kg3 f4+ 55. Kxh3 Ra4 56. Rc6+ Kh7 57. Rc7+ Kg6 58. Rc6+ Kf5 59.
Rc7 Ra3+ 60. Kh4 1-0

[Event "AUTO-INT-966"]
[Site "http://www.queenalice.com/game.php?id=433569"]
[Date "2008.7.15"]
[Round "1"]
[White "robert_13"]
[Black "malcon_2006"]
[Result "1-0"]
[WhiteElo "1583"]
[BlackElo "1580"]

1. d4 e6 2. e4 d6 3. Nf3 b6 4. d5 g6 5. e5 exd5 6. Qxd5 c6 7. Qd4 c5 8. Qd5 Qc7
9. Qxa8 Bb7 10. Qxa7 Bg7 11. exd6 Qc8 12. Bb5+ Bc6 13. Qc7 Qxc7 14. dxc7 Nd7 15.
c8=Q+ Ke7 16. Bxc6 Nf8 17. Bg5+ Bf6 18. Qe8+ Kd6 19. Bf4+ 1-0

[Event "AUTO-INT-966"]
[Site "http://www.queenalice.com/game.php?id=433578"]
[Date "2008.7.15"]
[Round "1"]
[White "robert_13"]
[Black "MarceloLopes"]
[Result "1/2-1/2"]
[WhiteElo "1586"]
[BlackElo "1551"]

1. d4 Nc6 2. e4 e5 3. d5 Nb8 4. Qf3 d6 5. Nh3 f6 6. Nc3 Bd7 7. Be2 c6 8. dxc6
Bxc6 9. O-O a6 10. Nd5 Bxd5 11. exd5 Ne7 12. Qb3 Qa5 13. Qxb7 Qxd5 14. Qxd5 Nxd5
15. Bf3 Nc6 16. Bxd5 Rc8 17. c3 Ne7 18. Be6 Ra8 19. Be3 Rb8 20. Rfd1 Ng6 21.
Rxd6 Bxd6 22. b4 Nf4 23. Nxf4 exf4 24. Bc5 Bxc5 25. bxc5 Ke7 26. Re1 Rb2 27.
Bc8+ Kf7 28. Bxa6 Rxa2 29. Bc4+ Kg6 30. h4 Ra3 31. Rc1 Kh5 32. g3 fxg3 33. fxg3
Rc8 34. Bf7+ g6 35. g4+ Kxg4 36. Be6+ Kxh4 37. Bxc8 Ra7 38. Be6 Rc7 39. Bg8 h6
40. Rf1 Rxc5 41. Rxf6 Rxc3 42. Rxg6 Rg3+ 43. Rxg3 Kxg3 44. Bf7 Kf3 1/2-1/2

[Event "AUTO-INT-966"]
[Site "http://www.queenalice.com/game.php?id=433579"]
[Date "2008.7.15"]
[Round "1"]
[White "MarceloLopes"]
[Black "robert_13"]
[Result "1-0"]
[WhiteElo "1534"]
[BlackElo "1562"]

1. e4 Nf6 2. e5 Nd5 3. c4 Nf4 4. d4 Nc6 5. Bxf4 d5 6. Nc3 dxc4 7. Bxc4 Qxd4 8.
Qxd4 Nxd4 9. O-O-O c5 10. Nd5 Kd8 11. e6 Nxe6 12. Nb6+ Ke8 13. Nxa8 Nxf4 14.
Nc7# 1-0

[Event "AUTO-OPEN-1202"]
[Site "http://www.queenalice.com/game.php?id=435768"]
[Date "2008.7.19"]
[Round "1"]
[White "plexus"]
[Black "robert_13"]
[Result "1-0"]
[WhiteElo "1992"]
[BlackElo "1590"]

1. e4 Nc6 2. d4 d5 3. Nc3 e6 4. Nf3 f5 5. e5 Bb4 6. a3 Bxc3+ 7. bxc3 Nh6 8. Bd3
O-O 9. Bxh6 gxh6 10. Qd2 h5 11. c4 h4 12. cxd5 Qxd5 13. Qg5+ Kh8 14. Qh6 Rg8 15.
Ng5 Rxg5 16. Qxg5 Qxd4 17. O-O Nxe5 18. Rad1 Nxd3 19. Rxd3 Qxd3 20. cxd3 Bd7 21.
Qe7 Bc6 22. Qf6+ Kg8 23. Qxe6+ Kg7 24. Qe7+ Kg6 25. Re1 Re8 26. Re6+ Kh5 27.
Qxh7+ Kg4 28. h3+ Kg5 29. Qh6# 1-0

[Event "AUTO-OPEN-1202"]
[Site "http://www.queenalice.com/game.php?id=435769"]
[Date "2008.7.19"]
[Round "1"]
[White "robert_13"]
[Black "plexus"]
[Result "0-1"]
[WhiteElo "1592"]
[BlackElo "1972"]

1. e4 c5 2. d4 cxd4 3. Qxd4 Nc6 4. Qc3 e5 5. Nf3 Bb4 6. Bd2 Bxc3 7. Bxc3 Nf6 8.
Nbd2 O-O 9. Nxe5 Nxe5 10. Bxe5 Re8 11. Bxf6 Qxf6 12. c3 d5 13. f3 Qb6 14. O-O-O
Be6 15. c4 dxc4 16. Bxc4 Rac8 17. b3 Red8 18. Rhe1 Qa5 19. Re2 Qc3+ 20. Kb1 Bxc4
21. bxc4 Rxc4 22. g4 Rb4+ 0-1

[Event "AUTO-OPEN-1202"]
[Site "http://www.queenalice.com/game.php?id=435798"]
[Date "2008.7.19"]
[Round "1"]
[White "robert_13"]
[Black "Fischercat"]
[Result "0-1"]
[WhiteElo "1545"]
[BlackElo "1865"]

1. d4 e6 2. e4 d6 3. Nf3 h6 4. e5 Be7 5. exd6 Bxd6 6. d5 Nf6 7. Nc3 O-O 8. dxe6
Bxe6 9. Nd4 Bd5 10. Nxd5 Nxd5 11. Qf3 Nb4 12. Qxb7 Nd7 13. c3 Qe7+ 14. Be3 Ne5
15. cxb4 Bxb4+ 16. Ke2 Rab8 17. Qxa7 Bc5 18. Qxc5 Qxc5 19. Nf3 Rxb2+ 20. Nd2
Qc4+ 21. Ke1 Nd3+ 22. Bxd3 Qxd3 23. a4 Rd8 24. Rd1 c5 25. a5 Ra2 26. a6 Rxa6 27.
Nf3 Qxd1# 0-1

[Event "AUTO-OPEN-1202"]
[Site "http://www.queenalice.com/game.php?id=435799"]
[Date "2008.7.19"]
[Round "1"]
[White "Fischercat"]
[Black "robert_13"]
[Result "1-0"]
[WhiteElo "1822"]
[BlackElo "1599"]

1. Nf3 d5 2. d4 Nf6 3. Bg5 Ne4 4. Nc3 Nxg5 5. Nxg5 e5 6. Nf3 e4 7. Nd2 Qf6 8.
Nxd5 Qd6 9. Ne3 Qxd4 10. c3 Qe5 11. Ndc4 Qb5 12. Qd4 f5 13. Nd5 Qc6 14. Qe5+ Kd8
15. Rd1 Bd7 16. e3 b5 17. Na5 Qe6 18. Qxe6 Bxe6 19. Nb6+ Bd6 20. Nxa8 Kd7 21.
Bxb5+ c6 22. Bc4 c5 23. Bxe6+ Kxe6 24. Nc4 Rd8 25. Nxd6 Rxd6 26. Nc7+ Kd7 27.
Rxd6+ Kxc7 28. Rd5 Kc6 29. Rxf5 Kb5 30. O-O g6 31. Re5 Nc6 32. Rxe4 a5 33. Rd1
a4 34. Rd7 h6 35. Re6 1-0

[Event "AUTO-OPEN-1202"]
[Site "http://www.queenalice.com/game.php?id=435800"]
[Date "2008.7.19"]
[Round "1"]
[White "robert_13"]
[Black "technicaldraw"]
[Result "1-0"]
[WhiteElo "1542"]
[BlackElo "1853"]

1. e4 e6 2. Qe2 c5 3. Nf3 Nc6 4. g4 g6 5. Bg2 Bg7 6. O-O e5 7. Nc3 Nd4 8. Nxd4
cxd4 9. Nd1 d6 10. c3 Ne7 11. cxd4 exd4 12. Qb5+ Nc6 13. e5 O-O 14. Bxc6 bxc6
15. Qxc6 Bxg4 16. f3 Rc8 17. Qe4 Bf5 18. Qxd4 Bxe5 19. Qxa7 Qh4 20. Qf2 Bh3 21.
Qxh4 1-0

[Event "AUTO-OPEN-1202"]
[Site "http://www.queenalice.com/game.php?id=435801"]
[Date "2008.7.19"]
[Round "1"]
[White "technicaldraw"]
[Black "robert_13"]
[Result "1-0"]
[WhiteElo "1967"]
[BlackElo "1588"]

1. e4 e5 2. Nf3 Nc6 3. Bb5 Nd4 4. Nxd4 exd4 5. O-O c6 6. Ba4 Nf6 7. d3 b5 8. Bb3
d5 9. exd5 cxd5 10. Qf3 Bb7 11. Bg5 h6 12. Bxf6 gxf6 13. Re1+ Be7 14. Qxf6 Rh7
15. Nd2 Kf8 16. Qxd4 a5 17. c3 Rc8 18. Nf3 Bc5 19. Qf4 Bd6 20. Qf5 Rg7 21. d4
Rc4 22. Bxc4 bxc4 23. Re6 Bc8 24. Rxd6 Bxf5 25. Rxd8+ Ke7 26. Ra8 Be4 27. Re1
Ke6 28. g3 Kf6 29. Ne5 Rg5 30. Rxa5 Rxe5 31. dxe5+ Kxe5 32. f3 1-0

[Event "AUTO-INT-1009"]
[Site "http://www.queenalice.com/game.php?id=451421"]
[Date "2008.8.21"]
[Round "1"]
[White "DMSSwitcher"]
[Black "robert_13"]
[Result "1-0"]
[WhiteElo "1567"]
[BlackElo "1553"]

1. e4 Nc6 2. d4 e5 3. d5 Nce7 4. f4 exf4 5. Bxf4 c6 6. d6 Ng6 7. Bg3 Qb6 8. Nh3
Qxb2 9. Nd2 Qd4 10. Rb1 Bxd6 11. Bf2 Qa4 12. Bc4 b5 13. Bb3 Qa6 14. Qf3 f6 15.
O-O Qa5 16. c3 Be5 17. Rbc1 b4 18. Ng5 fxg5 19. Qf7+ Kd8 20. Nc4 Nh6 21. Qf3 Qc5
22. Bxc5 Ba6 23. cxb4 Bxc4 24. Bxc4 Nh4 25. Qd3 Re8 26. Rcd1 d5 27. exd5 cxd5
28. Qxd5+ Kc7 29. Qd7+ Kb8 30. Qxe8+ Kb7 31. Bd5+ Kc7 32. Qc6+ Kd8 33. Rf8# 1-0

[Event "AUTO-INT-1009"]
[Site "http://www.queenalice.com/game.php?id=451422"]
[Date "2008.8.21"]
[Round "1"]
[White "robert_13"]
[Black "DMSSwitcher"]
[Result "1-0"]
[WhiteElo "1538"]
[BlackElo "1582"]

1. Nf3 e5 2. Nxe5 Qf6 3. d4 d6 4. Ng4 Bxg4 5. Qd3 Nc6 6. d5 Nb4 7. Qe4+ Be6 8.
Qxb4 Be7 9. Qxb7 Rc8 10. Qxa7 Bxd5 11. Qa6 Ra8 12. Qb5+ c6 13. Qb7 Rd8 14. Nc3
Nh6 15. Nxd5 cxd5 16. Qxd5 O-O 17. a4 g6 18. a5 Rc8 19. Bxh6 Qxb2 20. Rd1 Rfe8
21. Qd4 Qxd4 22. Rxd4 Rxc2 23. g3 Rb8 24. Rd1 d5 25. Bd2 f6 26. e3 Bb4 27. Bxb4
Rxb4 28. Rd2 Rb1+ 29. Rd1 Rbb2 30. a6 Rxf2 31. a7 Ra2 32. a8=Q+ Rxa8 33. Kxf2
Ra2+ 34. Be2 f5 35. Rxd5 h5 36. Rc1 Kg7 37. Rc7+ Kh6 38. h4 Ra4 39. Rd8 1-0

[Event "AUTO-INT-1009"]
[Site "http://www.queenalice.com/game.php?id=451433"]
[Date "2008.8.21"]
[Round "1"]
[White "aureliano"]
[Black "robert_13"]
[Result "1-0"]
[WhiteElo "1388"]
[BlackElo "1585"]

1. e4 Nc6 2. c4 Nf6 3. d3 e6 4. Nc3 Bb4 5. Nh3 Bxc3+ 6. bxc3 d5 7. Qf3 dxe4 8.
Qg3 g6 9. Qg5 exd3 10. a4 Ne4 11. Qe3 d2+ 12. Bxd2 Nxd2 13. Rd1 Nxc4 14. Bxc4
Qe7 15. O-O Na5 16. Bd3 Qa3 17. Qe5 c6 18. Qxh8+ Ke7 19. Qxh7 Kf6 20. Be4 Qf8
21. Qh4+ Kg7 22. Rd3 f5 23. Bf3 b6 24. Ng5 Qa3 25. Qh7+ Kf6 26. Qh6 Ba6 27. Nh7+
Kf7 28. Rd7+ Ke8 29. Nf6# 1-0

[Event "AUTO-INT-1009"]
[Site "http://www.queenalice.com/game.php?id=451434"]
[Date "2008.8.21"]
[Round "1"]
[White "robert_13"]
[Black "aureliano"]
[Result "0-1"]
[WhiteElo "1575"]
[BlackElo "1427"]

1. e4 e5 2. c4 c5 3. d3 d6 4. f4 Be6 5. fxe5 dxe5 6. Nf3 Bd6 7. Qb3 Nc6 8. Qxb7
Na5 9. Qb5+ Bd7 10. Qa6 Bc8 11. Qb5+ Bd7 12. b4 Bxb5 13. bxc5 Bxc5 14. cxb5 Qc8
15. Bd2 Nf6 16. Bxa5 Be3 17. Nc3 O-O 18. Rc1 Bxc1 19. Nxe5 Qc5 20. Kd1 Qe3 21.
Nd5 Qg5 22. Nf3 Qh6 23. Nxf6+ gxf6 24. Nd2 Rac8 25. Nb3 Qh5+ 26. Be2 Qxb5 27. d4
Qa4 28. Ba6 Rc6 29. Bb7 Rc4 30. Bd2 Rxd4 31. Kxc1 Rc4+ 32. Kb2 Rc7 33. Bd5 Rd7
34. Nc5 Rb8+ 35. Ka1 Qd4+ 36. Bc3 Qxc3# 0-1

[Event "AUTO-INT-1009"]
[Site "http://www.queenalice.com/game.php?id=451439"]
[Date "2008.8.21"]
[Round "1"]
[White "joeking"]
[Black "robert_13"]
[Result "1-0"]
[WhiteElo "1848"]
[BlackElo "1551"]

1. f4 e5 2. fxe5 Qh4+ 3. g3 Qe4 4. Nf3 Nc6 5. Nc3 Qf5 6. d4 d6 7. e4 Qe6 8. d5
Qxe5 9. Nxe5 dxe5 10. Bb5 Bd7 11. dxc6 bxc6 12. Bc4 Nf6 13. O-O Bb4 14. Na4 Nxe4
15. Bxf7+ Ke7 16. Qe2 c5 17. Qxe4 Bh3 18. Qxe5+ Kd8 19. Qd5+ Kc8 20. Qxa8+ Kd7
21. Qxh8 1-0

[Event "AUTO-INT-1009"]
[Site "http://www.queenalice.com/game.php?id=451440"]
[Date "2008.8.21"]
[Round "1"]
[White "robert_13"]
[Black "joeking"]
[Result "0-1"]
[WhiteElo "1547"]
[BlackElo "1782"]

1. d4 c6 2. e3 d5 3. Nf3 Nh6 4. c4 g6 5. Qa4 Nd7 6. cxd5 cxd5 7. e4 dxe4 8. Bxh6
Bxh6 9. d5 O-O 10. Nfd2 Nb6 11. Qxe4 Bf5 12. Qh4 Bg7 13. g4 Bxb2 14. gxf5 Qxd5
15. Nb3 Qxh1 16. fxg6 fxg6 17. Qxe7 Rfe8 18. Qxe8+ Rxe8+ 19. Kd2 Qxf1 20. Nc3
Qxf2+ 21. Kd3 Qe3+ 22. Kc2 Qxc3+ 23. Kd1 Re1# 0-1

[Event "Eu ainda serei malandro!"]
[Site "http://www.queenalice.com/game.php?id=457075"]
[Date "2008.9.2"]
[Round "-"]
[White "robert_13"]
[Black "Slorche"]
[Result "0-1"]
[WhiteElo "1540"]
[BlackElo "1694"]

1. c4 e5 2. Nc3 Nf6 3. d4 exd4 4. Qxd4 d6 5. Nf3 Be7 6. Bg5 Nbd7 7. Bxf6 Bxf6 8.
Qg4 O-O 9. Nd5 Ne5 10. Qg3 c6 11. Nxf6+ Qxf6 12. Rc1 Nxf3+ 13. Qxf3 Qxb2 14. Qc3
Qxc3+ 15. Rxc3 Be6 16. e3 d5 17. cxd5 Bxd5 18. a3 a6 19. f3 f5 20. Bd3 Rae8 21.
O-O Rxe3 22. Kf2 f4 23. Rb1 b5 24. Rd1 a5 25. Rcc1 Ree8 26. Re1 Rxe1 27. Rxe1 a4
28. Re5 g6 0-1